| 000 | 00435nam a2200169Ia 4500 | ||
|---|---|---|---|
| 008 | 231221s9999 xx 000 0 und d | ||
| 041 | _aEnglish | ||
| 082 | _a641.873 LAF;1 R | ||
| 100 | _aLafrance, Peter | ||
| 245 | 0 | _aBeer basics : a quick and easy guide | |
| 260 |
_c1995 _bJohn Wiley and Sons _aNEW YORK |
||
| 300 | _axi+187 | ||
| 500 | _aE-509 | ||
| 650 | _aHotel Management | ||
| 650 | _aHotel Management | ||
| 942 | _cHM | ||
| 999 |
_c207691 _d207691 |
||